|
|
|
|
| LEADER |
01116cam a2200265 7i4500 |
| 001 |
0000018245 |
| 005 |
20100726090000.0 |
| 008 |
071004 eng |
| 020 |
|
|
|a 0750655984
|
| 040 |
|
|
|a DLC
|
| 090 |
0 |
0 |
|a RD736.M25
|b M35 2005
|
| 245 |
0 |
0 |
|a Maitland's peripheral manipulation
|c edited by Elly Hengeveld, Kevin Banks foreword by Peter Wells.
|
| 260 |
|
|
|a Edinburgh:
|b Elsevier,
|c 2005.
|
| 300 |
|
|
|a xiii, 363 p.:
|b ill. (some col.);
|c 25 cm..
|
| 501 |
|
|
|a With CD-ROM: Maitland's peripheral manipulation / edited by Elly Hengeveld, Kevin Banks foreword by Peter Wells. -- Edinburgh : Elsevier, 2005
|
| 504 |
|
|
|a Includes bibliographical references and index
|
| 650 |
0 |
0 |
|a Manipulation (Therapeutics)
|
| 650 |
0 |
0 |
|a Joints --
|x Diseases --
|x Treatment
|
| 700 |
1 |
|
|a Banks, Kevin
|
| 700 |
1 |
|
|a Hengeveld, Elly
|
| 700 |
1 |
|
|a Wells, Peter
|
| 999 |
|
|
|a 0000024290
|b BOK
|c OPEN SHELF
|e 1st Floor, Shah Alam
|
| 999 |
|
|
|a 0000025481
|b BOK
|c OPEN SHELF
|e 1st Floor, Shah Alam
|
| 999 |
|
|
|a 0000025482
|b BOK
|c OPEN SHELF
|e 1st Floor, Shah Alam
|
| 999 |
|
|
|a 0000025483
|b BOK
|c OPEN SHELF
|e 1st Floor, Shah Alam
|